Captivated : tales of erotic romance
| Other Authors: | , |
|---|---|
| Format: | Book |
| Published: |
New York :
Kensington Publishing Corp. ,
1999
|
| Subjects: |
MARC
| LEADER | 00000cam a2200000 7i4500 | ||
|---|---|---|---|
| 001 | 0000050752 | ||
| 005 | 20020206.0 | ||
| 020 | |a 157566450X | ||
| 090 | 0 | 0 | |a F |b CAP |
| 245 | 0 | 0 | |a Captivated : |b tales of erotic romance |c Bertrice Small...[et al.] |
| 260 | |a New York : |b Kensington Publishing Corp. , |c 1999 | ||
| 300 | |a 377p. ; |c 23cm. | ||
| 650 | 0 | 0 | |a Romance tales |
| 700 | 1 | |a Johnson, Susan | |
| 700 | 1 | |a Small, Bertrice | |
| 999 | |a 114223 |b BUKU |c FICTION |e PERPUSTAKAAN KOMUNITI PETALING JAYA | ||